000 00681nam a2200265Ia 4500
003 OSt
005 20221007074947.0
006 a|||||r|||| 00| 0
007 ta
008 221006b |||||||| |||| 00| 0 eng d
020 _a8185397481
_cRs. 750/-
024 _a8,982
037 _cTextual
040 _aFLL
_cFLL
_beng
041 _2eng
_aeng
082 _aX724:Z2, N8.6
100 _aIyengar A.C.S.
_9693366
245 0 _aLaw of income tax
250 _a9th
260 _aNew Delhi
_bBharat Law House Pvt. Ltd. India
_c1998
300 _a8328p
_ccm.
490 _v6
942 _hX724:Z2, N8.6
_cTEXL
_2CC
999 _c1154304
_d1154304